| 000 | 00658nam a22002177a 4500 | ||
|---|---|---|---|
| 005 | 20170124110212.0 | ||
| 010 | _aA-820970 | ||
| 020 |
_c00.00 _a81870247918 |
||
| 035 | _aA-820970 | ||
| 037 | _bCen Lib/Ret | ||
| 040 |
_aDPL _bEN |
||
| 082 |
_aS _bCRI |
||
| 245 |
_aCrime in the west : _ccompiled by Ajaib Singh _btrue horror stories in the west / |
||
| 260 |
_aNew Delhi _bAPH Publishing Corporation _c1996 |
||
| 270 |
_a5, Ansari Road, Daryaganj _bNew Delhi _e110002 |
||
| 300 |
_axvi,437p. _c19cm(Hb) |
||
| 650 |
_aEnglish -- fiction _938388 |
||
| 650 |
_aEnglish -- literature _938389 |
||
| 700 |
_aAjaib Singh _938390 |
||
| 942 |
_2ddc _cEN _hS _mCRI |
||
| 999 |
_c133597 _d133597 |
||